الحداثة في منظور إيماني / (رقم التسجيلة. 2429)

تفاصيل مارك
000 -الفاتح
عناصر البيانات ثابتة الطول 00967cam a2200253 i 4500
005 - تاريخ ووقت آخر معاملة
حقل ضبط 20251119111447.0
008 - عناصر البيانات ثابتة الطول
عناصر البيانات ثابتة الطول 250721s1993 su gr 000 0 ara d
020 ## - الترقيم الدولي المعياري للكتب (ردمك)
الترقيم الدولي المعياري للكتب (ردمك) 9960687082
082 14 - رقم تصنيف ديوي العشري
رقم التصنيف 210.48
رقم المادة ن ح و
100 1# - مدخل رئيسي – اسم شخصي
الاسم الشخصي النحوي، عدنان علي رضا
علاقة الشخص بالعمل/ دوره مؤلف.
245 12 - بيان العنوان
العنوان الحداثة في منظور إيماني /
بيان المسؤولية الدكتور عدنان علي رضا النحوي.
250 ## - بيان الطبعة
بيان الطبعة الطبعة الرابعة.
264 31 - بيانات النشر، التوزيع…إلخ
مكان النشر، التوزيع...إلخ الرياض :
اسم الناشر، الموزع...إلخ دار النحوي للنشر والتوزيع،
تاريخ النشر، التوزيع...إلخ 1993.
300 ## - الوصف المادي
عدد الوحدات المكونة للوعاء 291 صفحة.
490 0# - بيان السلسلة
عنوان السلسلة إلى لقاء المؤمنين وبناء الجيل المؤمن.
650 17 - مدخل إضافي بالموضوع - مصطلح موضوعي
مصطلح موضوعي أو اسم جغرافي كعنصر مدخل الإسلام.
650 17 - مدخل إضافي بالموضوع - مصطلح موضوعي
مصطلح موضوعي أو اسم جغرافي كعنصر مدخل الأدب.
650 17 - مدخل إضافي بالموضوع - مصطلح موضوعي
مصطلح موضوعي أو اسم جغرافي كعنصر مدخل الأدب الإسلامي.
650 17 - مدخل إضافي بالموضوع - مصطلح موضوعي
مصطلح موضوعي أو اسم جغرافي كعنصر مدخل الأدب العربي.
650 17 - مدخل إضافي بالموضوع - مصطلح موضوعي
مصطلح موضوعي أو اسم جغرافي كعنصر مدخل النقد الأدبي.
830 #0 - مدخل إضافي بالسلسلة-عنوان مقنن
عنوان السلسسلة إلى لقاء المؤمنين وبناء الجيل المؤمن.
942 ## - بيانات إضافية (كوها)
نوع التنصيف Dewey Decimal Classification
نوع المادة (كوها) كتب
المقتنيات
حالة السحب حالة الفقدان مصدر التصنيف حالة التلف غير قابل للإعارة المكتبة الرئيسية المكتبة الحالية موقع الرف تاريخ التزويد الرقم المتسلسل Total Checkouts رقم الإستدعاء الباركود تاريخ آخر ظهور تاريخ الفاتورة نوع المادة (كوها)
    Dewey Decimal Classification     المكتبة المركزية المكتبة المركزية الإعارة 06/07/2004 514819   210.48 / ن ح و 514819 28/07/2025 06/07/2004 كتب
    Dewey Decimal Classification     مكتبة أبو علندا العامة مكتبة أبو علندا العامة الإعارة 06/07/2004 514833   210.48/عدن 514833 28/07/2025 06/07/2004 كتب
    Dewey Decimal Classification     مكتبة الأميرة ايمان العامة مكتبة الأميرة ايمان العامة الإعارة 28/07/2025 514824   210.48/عدن 514824 28/07/2025 28/07/2025 كتب
    Dewey Decimal Classification     مكتبة الحسن العامة مكتبة الحسن العامة الإعارة 17/09/2018 08501   210.48/عدن PLD00432073 28/07/2025 17/09/2018 كتب
Implemented & Customized by: BBB with SCIT (Smart Chains for Information Technology)

Powered by Koha